Pragati's software project management : (Record no. 13785)

MARC details
000 -LEADER
fixed length control field 00859nam a22002297a 4500
005 - DATE AND TIME OF LATEST TRANSACTION
control field 20080618112441.0
008 - FIXED-LENGTH DATA ELEMENTS--GENERAL INFORMATION
fixed length control field 080618t xxu||||| |||| 00| 0 eng d
010 ## - LIBRARY OF CONGRESS CONTROL NUMBER
LC control number ENG-90364
020 ## - INTERNATIONAL STANDARD BOOK NUMBER
International Standard Book Number 8183983457
Terms of availability 78.00
035 ## - SYSTEM CONTROL NUMBER
System control number EN-73897
037 ## - SOURCE OF ACQUISITION
Source of stock number/acquisition DBAD / PUB
040 ## - CATALOGING SOURCE
Original cataloging agency DPL
Language of cataloging EN
082 ## - DEWEY DECIMAL CLASSIFICATION NUMBER
Classification number 005.1068
100 ## - MAIN ENTRY--PERSONAL NAME
Personal name Gupta, Prabhakar
245 ## - TITLE STATEMENT
Title Pragati's software project management :
Statement of responsibility, etc by Prabhakar Gupta [and] Vineet Agarwal
Remainder of title (for B.Tech. and MCA) /
260 ## - PUBLICATION, DISTRIBUTION, ETC. (IMPRINT)
Place of publication, distribution, etc Meerut
Name of publisher, distributor, etc Pragati Prakashan
Date of publication, distribution, etc 2007
270 ## - ADDRESS
Address 240, W.K. Raod,
City Meerut
Postal code 250001
300 ## - PHYSICAL DESCRIPTION
Extent viii, 92p.
Dimensions 25 cm (pbk)
700 ## - ADDED ENTRY--PERSONAL NAME
Personal name Agarwal, Vineet
942 ## - ADDED ENTRY ELEMENTS (KOHA)
Koha item type English Books
Classification part 005.1068
Source of classification or shelving scheme Dewey Decimal Classification
Call number suffix GUP
Holdings
Withdrawn status Lost status Damaged status Not for loan Collection code Home library Current library Date acquired Source of acquisition Cost, normal purchase price Total Checkouts Full call number Barcode Date last seen Copy number Cost, replacement price Price effective from Koha item type
      Not For Loan Non-fiction D.B.Act.Division D.B.Act.Division 18/06/2008 DBAD / PUB 78.00   005.1068 GUP EN-73897 15/09/2008 1 78.00 15/09/2008 English Books

© Delhi Public Library
Hit Counter
free hit counter